000 00523nam a2200193Ia 4500
003 OSt
005 20260224122336.0
008 210210b1942 xxu||||| |||| 00| 0 eng d
040 _cAL
041 _aHindi
082 _a861/121
100 _aPANT (Sumitranandan)
_dपंत (सुमित्रानंदन)
_9256546
245 _aVeena
_bवीणा
260 _aIllahAbAd
_bIndian National Congress
_c1942
650 _aVeeNa
_9256547
690 _aHindi Poetry
_9256548
906 _a023141
942 _2ddc
_cBK
999 _c148050
_d148050